|
|
แสดงรายละเอียดบรรณานุกรม |
|
|
Brief Record
: Get Marc (ISO 2709)
: E-mail record
: |
| LEADER 00000nama 2200000uu 4500 | |||
| 001 187453 | |||
| 003 ULIBM | |||
| 008 040531s2538 th m m a000 0 tha d | |||
| 041 tha | |||
| 050 LB1027.5 ร169ห 2538 | |||
| 100 รวีวรรณ ชินะตระกูล | |||
| 245 หลักการแนะนำ/ โดยรวีวรรณ ชินะตระกูล 001 | |||
| 250 2 | |||
| 260 กรุงเทพฯ คณะครุศาสตร์ตสาหกรรม สถาบันเทคโนโลยีพระจอมเหล้าเจ้าคุณทหารลาดกระบัง 2538 | |||
| 300 282 หน้า | |||
| 650 การให้คำปรึกษา ชื่อเรื่อง | |||
| 998 1999-01-25 | |||
| คุณยังไม่ได้ล็อกอิน คุณสามารถมีกิจกรรมร่วมกับเว็บไซต์ได้ แต่ต้องล็อกอินก่อน :: |
|
| สถานะ | |||||||||
| - ไม่พบข้อมูล - | |||||||||
| [แสดง 1/1 รายการ] | |||||||||
BibComment |
| คอมเมนท์ทรัพยากรรายการนี้ |
|
|